Total Drama Action Character Quiz - Statistics

General Stats
  • This quiz has been taken 211 times
  • The average score is 14 of 15
Answer Stats
Contestant Placement % Correct
Beth 2nd / 1st Place
99%
Duncan 2nd / 1st Place
99%
Heather 9th Place
99%
Bridgette 15th / 14th Place
98%
Geoff 15th / 14th Place
98%
Lindsay 6th Place
98%
Courtney 4th Place
97%
Harold 5th Place
97%
Leshawna 8th Place
97%
Gwen 12th Place
96%
Izzy 10th Place
96%
Owen 3rd Place
96%
Trent 13th Place
96%
Justin 7th Place
93%
DJ 11th Place
88%
No matching quizzes found
Score Distribution
Percent of People with Each Score
Percentile by Number Answered
Your Score History
You have not taken this quiz